01746nam a22003857a 45000010009000000050017000090060018000260070015000440080041000590100017001000200026001170200031001430200037001740400028002110420008002390500013002471000034002602450118002942630009004122640038004213000028004593360026004873370026005133380036005395040051005755200218006265880103008446000043009476000044009906000079010346000055011136500033011687000031012017760128012322238360320231106094558.0m |o d | cr_|||||||||||231106b |||||||| |||| 00| 0 eng d a 2021056236 a9780385545716q(epub) z9780385545709q(hardcover) z9781784743291q(trade paperback) aDLCbengcKMUerdadKMU apcc00aB 105.W61 aMac Cumhaill, Clare,eauthor.10aMetaphysical animals :bhow four women brought philosophy back to life /cClare Mac Cumhaill and Rachael Wiseman. a2205 1aLondon :bChatto & Windus,c2022. axvii,398.:bill.;c23cm atextbtxt2rdacontent acomputerbc2rdamedia aonline resourcebcr2rdacarrier aIncludes bibliographical references and index. a"A vibrant portrait of four college friends-Iris Murdoch, Philippa Foot, Elizabeth Anscombe, and Mary Midgley-who formed a new philosophical tradition while Oxford's men were away at war"--cProvided by publisher. aDescription based on print version record and CIP data provided by publisher; resource not viewed.10aMurdoch, IrisxFriends and associates.10aFoot, PhilippaxFriends and associates.10aAnscombe, G. E. M.q(Gertrude Elizabeth Margaret)xFriends and associates.10aMidgley, Mary,d1919-2018xFriends and associates. 0aWomen philosopherszEngland.1 aWiseman, Rachael,eauthor.08iPrint version:aMac Cumhaill, Clare.tMetaphysical animalsdLondon : Chatto & Windus, 2022z9780385545709w(DLC) 2021056235